[Event "Benidorm op-B"]
[Site "Benidorm"]
[Date "2022.12.10"]
[Round "8"]
[White "Gomez Fernandez, Fulgencio"]
[Black "Diez Viera, Oscar"]
[Result "1/2-1/2"]
[WhiteElo "1727"]
[BlackElo "1858"]
[PlyCount "28"]
[EventDate "2022.12.03"]
[EventType "swiss"]
[EventRounds "9"]
[EventCountry "ESP"]
[SourceTitle "CBM 212 Extra"]
[Source "ChessBase"]
[SourceDate "2023.03.31"]
[SourceVersion "1"]
[SourceVersionDate "2023.03.31"]
[SourceQuality "1"]

1. d4 Nf6 2. Bf4 e6 3. e3 c5 4. Nd2 d5 5. c3 Bd6 6. Bg3 0-0 7. Bd3 Nc6 8. Ngf3 cxd4 9. exd4 Qc7 10. Bh4 Be7 11. Bg3 Bd6 12. Bh4 Be7 13. Bg3 Bd6 14. Bh4 Be7 1/2-1/2

[Event "Euskadi-chT (Vasca) Div 1st"]
[Site "Bergara"]
[Date "2019.01.12"]
[Round "1.2"]
[White "Valdezate Suarez, Fernando"]
[Black "Gomez Fernandez, Fulgencio"]
[Result "1-0"]
[WhiteElo "1906"]
[BlackElo "1787"]
[PlyCount "118"]
[EventDate "2019.01.12"]
[EventType "team-tourn"]
[EventRounds "9"]
[EventCountry "ESP"]
[SourceTitle "EXT 2021"]
[Source "ChessBase"]
[SourceDate "2020.10.23"]
[SourceVersion "1"]
[SourceVersionDate "2020.10.23"]
[SourceQuality "1"]
[WhiteTeam "Conteneo Bilbao Haitzak"]
[BlackTeam "Danubio"]
[WhiteTeamCountry "ESP"]
[BlackTeamCountry "ESP"]

1. d4 d6 2. c4 Nf6 3. Nc3 Nbd7 4. e4 e5 5. d5 c6 6. Nf3 Be7 7. Be2 h6 8. Qc2 a5 9. 0-0 0-0 10. b3 Qc7 11. Ba3 Nc5 12. Bxc5 dxc5 13. dxc6 bxc6 14. Rad1 Bg4 15. Nh4 Be6 16. Nf5 Bxf5 17. exf5 Rfd8 18. Bf3 Rxd1 19. Rxd1 Rd8 20. Rxd8+ Qxd8 21. Bxc6 Qd4 22. g3 Ng4 23. Ne4 Nf6 24. Nd2 Ng4 25. Nf3 Qa1+ 26. Kg2 Bg5 27. Nxg5 hxg5 28. h3 Nf6 29. Qd2 Qd4 30. Qxg5 Qb2 31. Qe3 Qd4 32. Qxd4 exd4 33. Kf3 Kf8 34. Ke2 Ke7 35. Kd3 Kd6 36. Bg2 Ke5 37. g4 Kf4 38. a3 Nd7 39. Bd5 f6 40. b4 axb4 41. axb4 Ne5+ 42. Kd2 cxb4 43. c5 Nd7 44. c6 Nb6 45. c7 Ke5 46. Be6 Kf4 47. c8Q Nxc8 48. Bxc8 Kf3 49. Kd3 b3 50. Kxd4 b2 51. Bb7+ Kxf2 52. Be4 Kg3 53. Kd5 Kxh3 54. Ke6 Kxg4 55. Kf7 Kh5 56. Kxg7 Kg5 57. Bb1 Kh5 58. Kxf6 Kh6 59. Ke7 Kg7 1-0

[Event "Euskadi-ch"]
[Site "Zornotza"]
[Date "2017.04.23"]
[Round "7"]
[White "Gomez Fernandez, Fulgencio"]
[Black "Fernandez de Pinedo Orive, Jose Angel"]
[Result "1-0"]
[WhiteElo "1874"]
[BlackElo "1856"]
[PlyCount "111"]
[EventDate "2017.04.17"]
[EventType "swiss"]
[EventRounds "7"]
[EventCountry "ESP"]
[SourceTitle "EXT 2018"]
[Source "ChessBase"]
[SourceDate "2017.10.13"]
[SourceVersion "1"]
[SourceVersionDate "2017.10.13"]
[SourceQuality "1"]

1. Nf3 Nf6 2. d4 d5 3. Bf4 Bf5 4. e3 e6 5. Nbd2 Bg6 6. Be2 Be7 7. Ne5 Nbd7 8. Nxg6 hxg6 9. h3 a6 10. a4 c5 11. c3 cxd4 12. exd4 Qb6 13. Qb3 Qxb3 14. Nxb3 b6 15. 0-0 Nh5 16. Bh2 g5 17. Bf3 Nf4 18. Bxf4 gxf4 19. c4 Nf6 20. cxd5 exd5 21. Rfe1 Kd7 22. Re5 Bd6 23. Rg5 g6 24. a5 Rab8 25. axb6 Rxb6 26. Nc5+ Bxc5 27. dxc5 Rc6 28. b4 Rb8 29. Bxd5 Nxd5 30. Rxd5+ Ke6 31. Rd4 Ke5 32. Rad1 Rbc8 33. f3 g5 34. Rd5+ Kf6 35. Rd6+ Ke7 36. Rd7+ Ke8 37. R7d5 Rg6 38. Re1+ Kf8 39. Kf2 Rcc6 40. g3 fxg3+ 41. Kxg3 Kg7 42. Kg4 Kh6 43. Re8 Kg7 44. Rxg5 f5+ 45. Kxf5 Rcf6+ 46. Kg4 Rxg5+ 47. Kxg5 Rxf3 48. h4 Rb3 49. h5 a5 50. h6+ Kh7 51. Re7+ Kh8 52. Kg6 Rg3+ 53. Kf6 axb4 54. c6 Rc3 55. c7 Rc6+ 56. Ke5 1-0

[Event "Euskadi-ch"]
[Site "Zornotza"]
[Date "2017.04.19"]
[Round "3"]
[White "Gonzalez Martinez, Miguel Angel"]
[Black "Gomez Fernandez, Fulgencio"]
[Result "1/2-1/2"]
[WhiteElo "2115"]
[BlackElo "1874"]
[PlyCount "34"]
[EventDate "2017.04.17"]
[EventType "swiss"]
[EventRounds "7"]
[EventCountry "ESP"]
[SourceTitle "CBM 178 Extra"]
[Source "ChessBase"]
[SourceDate "2017.06.22"]
[SourceVersion "1"]
[SourceVersionDate "2017.06.22"]
[SourceQuality "1"]

1. Nf3 Nf6 2. d4 e6 3. Bf4 c5 4. e3 Qb6 5. Nc3 Qxb2 6. Nb5 Nd5 7. a3 a6 8. Rb1 Qa2 9. Qc1 axb5 10. Ra1 Qxa1 11. Qxa1 cxd4 12. Bxb8 Bb4+ 13. Ke2 Nc3+ 14. Kd2 Ne4+ 15. Ke2 Nc3+ 16. Kd2 Ne4+ 17. Ke2 Nc3+ 1/2-1/2